• 首页
  • 本馆介绍
  • 公告通知
  • 最新文献
  • 馆藏检索
  • 电子资源
  • 读者导购
  • 参考咨询
  • 我的图书馆
  • 登录
  • 详细信息显示
  • 放入我的书架
  • 预约/预借图书
  • 作者相关作品
  • 分类相关作品
  • 丛书相关作品
  • 出版社相关作品

书目信息

  • 表格格式
  • 工作单格式
  • 卡片格式
题名:
经济法经典题解
    
 
作者: 游文丽 主编 ;中华会计网校 编
分册:  
出版信息: 北京   人民出版社  2015
页数: 434页
开本: 26cm
丛书名: 梦想成真系列辅导丛书
单 册:
中图分类: D922.290.4
科图分类:
主题词: 经济法--Jing Ji Fa--中国--统一考试--题解
电子资源:
ISBN: 978-7-01-014655-3
000 01113nam0 22002771 450
001 349511
005 20161008165645.00
010    @a978-7-01-014655-3@dCNY36.00
100    @a20150706d2015 em y0chiy50 ea
101 0  @achi
102    @aCN@b110000
105    @ay qz 000yy
106    @ar
200 1  @a经济法经典题解@AJing Ji Fa Jing Dian Ti Jie@f游文丽主编@g中华会计网校编
210    @a北京@c人民出版社@d2015
215    @a434页@d26cm
225 2  @a梦想成真系列辅导丛书@AMeng Xiang Cheng Zhen Xi Lie Fu Dao Cong Shu
300    @a2015年度注册会计师全国统一考试
330    @a本书分为考情分析及趋势展望;考点核心提示及经典习题训练;跨章节综合题演练;全真模拟试题及答案详解四部分。内容包括:法律基本原理、基本民事法律制度、物权法律制度、合同法律制度、合伙企业法律制度、公司法律制度证券法律制度等。
461  0 @12001 @a梦想成真系列辅导丛书
606 0  @a经济法@AJing Ji Fa@y中国@x统一考试@j题解
690    @aD922.290.4@v5
701  0 @a游文丽@AYou Wen Li@c(女)@4主编
712 02 @a中华会计网校@AZhong Hua Hui Ji Wang Jiao@4编
801  0 @aCN@bTANGWEI@20160730
905    @b0885380-4@dD922.290.4@e1319@f5
    
    经济法经典题解/游文丽主编/中华会计网校编 .-北京:人民出版社,2015
    434页;26cm.-(梦想成真系列辅导丛书)
    2015年度注册会计师全国统一考试
    
    ISBN 978-7-01-014655-3:CNY36.00
    本书分为考情分析及趋势展望;考点核心提示及经典习题训练;跨章节综合题演练;全真模拟试题及答案详解四部分。内容包括:法律基本原理、基本民事法律制度、物权法律制度、合同法律制度、合伙企业法律制度、公司法律制度证券法律制度等。
●
相关链接 在E读中查询图书 在五车中查询图书 在当当中查询图书 在豆瓣中查询图书


正题名:经济法经典题解     索取号:D922.290.4/1319         预约/预借

序号 登录号 条形码 馆藏地/架位号 状态 备注
1 0885380   208853800   第一样本阅览室/ [索取号:D922.290.4/1319] 在馆    
2 0885381   208853819   第一借阅区/ [索取号:D922.290.4/1319] 在馆    
3 0885382   208853828   第一借阅区/ [索取号:D922.290.4/1319] 在馆    
4 0885383   208853837   第一借阅区/ [索取号:D922.290.4/1319] 在馆    
5 0885384   208853846   密集书库-史法系/ [索取号:D922.290.4/1319] 在馆    
唐山师范学院图书馆 欢迎您!
大连网信软件有限公司© 版权所有